000
00446nam a2200181Ia 4500
008
090124s9999 xx 000 0 und d
082
_b
3725
_a
960
100
_a
सरोजसुह्द
245
_a
वैखरी
250
_a
1
260
_c
1928
300
_a
14
600
_a
सरोजसुह्द
630
_a
वैखरी
700
_a
सरोजसुह्द
730
_a
वैखरी
942
_c
BOOK
999
_c
117666
_d
117666